000 00792pam a2200265 a 4500
001 3054874
005 20240129011203.0
008 961011s1997 enka b 001 0 eng
020 _a0415157242 (hbk)
020 _a0415157250 (pbk)
040 _aDLC
_cDLC
_dDLC
082 0 0 _a616.89/0086/91
_221
_bROL.
100 1 _aLittlewood, Roland.
245 1 0 _aAliens and alienists :
_bethnic minorities and psychiatry /
_cRoland Littlewood and Maurice Lipsedge.
250 _a3rd ed.
260 _aLondon ;
_aNew York :
_bRoutledge,
_c1997.
300 _axvi, 352 p. :
650 0 _aImmigrants
650 0 _aMinorities
650 0 _aWest Indians
650 0 _aJews
700 1 _aLipsedge, Maurice.
_eedt
856 4 2 _uhttp://www.loc.gov/catdir/enhancements/fy0649/96047567-d.html
942 _cL
999 _c204
_d204